Normal view
MARC view
- HASSAN,ALI,ABUBAKAR
Entry Personal Name
001 - CONTROL NUMBER
- control field: 72404
003 - CONTROL NUMBER IDENTIFIER
- control field: NUST
005 - DATE AND TIME OF LATEST TRANSACTION
- control field: 20210628204806.0
008 - FIXED-LENGTH DATA ELEMENTS
- fixed length control field: 210628|| aca||aabn | a|a d
040 ## - CATALOGING SOURCE
- Original cataloging agency: NUST
- Transcribing agency: NUST
100 ## - HEADING--PERSONAL NAME
- Personal name: HASSAN,ALI,ABUBAKAR
670 ## - SOURCE DATA FOUND
- Source citation: Work cat.: (NUST): HASSAN,ALI,ABUBAKAR, PR-SOF-1076-ON-BOARD DIAGNOSTICS KIT FOR LAND ROVER DEFENDER 2007, 2011
